[Event "World Cup 2021"]
[Site "Sochi"]
[Date "2021.07.17"]
[Round "13.4"]
[White "Sarana Alexey (RUS)"]
[Black "Kovalev Vladislav (FID)"]
[Result "0-1"]
[WhiteElo "2640"]
[BlackElo "2637"]
[Annotator ""]
[Source ""]
[Remark ""]

1.d4 {[%clk 0:10:19]} Nf6 {[%clk 0:10:19]} 2.c4 {[%clk 0:10:28]}
e6 {[%clk 0:10:28]} 3.Nf3 {[%clk 0:10:37]} b6 {[%clk 0:10:38]}
4.g3 {[%clk 0:10:46]} Bb7 {[%clk 0:10:47]} 5.Bg2 {[%clk 0:10:55]}
c5 {[%clk 0:10:56]} 6.d5 {[%clk 0:11:03]} exd5 {[%clk 0:11:05]}
7.Nh4 {[%clk 0:11:12]} g6 {[%clk 0:11:12]} 8.Nc3 {[%clk 0:11:18]}
d6 {[%clk 0:11:20]} 9.Nxd5 {[%clk 0:10:36]} Nxd5 {[%clk 0:11:27]}
10.Bxd5 {[%clk 0:10:45]} Nc6 {[%clk 0:11:35]} 11.O-O {[%clk 0:10:48]}
Bg7 {[%clk 0:10:22]} 12.Nf3 {[%clk 0:10:46]} Qd7 {[%clk 0:08:48]}
13.Rb1 {[%clk 0:10:32]} O-O {[%clk 0:07:57]} 14.Bf4 {[%clk 0:10:37]}
Rad8 {[%clk 0:07:56]} 15.Re1 {[%clk 0:09:44]} Nb4 {[%clk 0:06:35]}
16.Bxb7 {[%clk 0:09:50]} Qxb7 {[%clk 0:06:44]} 17.a3 {[%clk 0:09:50]}
Nc6 {[%clk 0:06:49]} 18.Qd5 {[%clk 0:09:55]} Na5 {[%clk 0:06:55]}
19.Qxb7 {[%clk 0:09:17]} Nxb7 {[%clk 0:07:04]} 20.Red1 {[%clk 0:09:25]}
Rfe8 {[%clk 0:06:38]} 21.Kf1 {[%clk 0:09:34]} h6 {[%clk 0:06:38]}
22.h4 {[%clk 0:09:42]} Na5 {[%clk 0:04:19]} 23.b3 {[%clk 0:09:50]}
Re6 {[%clk 0:04:26]} 24.Rd3 {[%clk 0:09:52]} a6 {[%clk 0:03:33]}
25.Nd2 {[%clk 0:07:46]} Nc6 {[%clk 0:02:12]} 26.Rd1 {[%clk 0:07:51]}
b5 27.Nf3 bxc4 {[%clk 0:01:03]} 28.bxc4 {[%clk 0:07:48]} Nd4
{[%clk 0:01:12]} 29.Nxd4 {[%clk 0:07:30]} cxd4 {[%clk 0:01:21]}
30.e3 {[%clk 0:07:37]} dxe3 {[%clk 0:00:39]} 31.Bxe3 {[%clk 0:07:46]}
Rc8 {[%clk 0:00:48]} 32.Rxd6 {[%clk 0:07:02]} Rxc4 {[%clk 0:00:51]}
33.Rxe6 {[%clk 0:06:39]} fxe6 {[%clk 0:01:00]} 34.Rd6 {[%clk 0:06:38]}
Ra4 {[%clk 0:01:04]} 35.Bc5 {[%clk 0:06:46]} Kf7 {[%clk 0:00:50]}
36.Rd7+ {[%clk 0:06:50]} Kg8 {[%clk 0:00:58]} 37.Bb4 {[%clk 0:06:18]}
a5 {[%clk 0:00:48]} 38.Be7 {[%clk 0:05:41]} Bb2 {[%clk 0:00:42]}
39.Rd2 {[%clk 0:05:37]} Bd4 {[%clk 0:00:25]} 40.Rc2 {[%clk 0:05:24]}
Kf7 {[%clk 0:00:19]} 41.Rc7 {[%clk 0:05:33]} e5 {[%clk 0:00:18]}
42.Bg5+ {[%clk 0:04:33]} Ke6 {[%clk 0:00:26]} 43.Bc1 {[%clk 0:04:39]}
h5 {[%clk 0:00:21]} 44.Rc6+ {[%clk 0:04:46]} Kf7 {[%clk 0:00:12]}
45.Ke2 {[%clk 0:04:51]} e4 {[%clk 0:00:16]} 46.Kf1 {[%clk 0:04:09]}
Bf6 {[%clk 0:00:21]} 47.Ke2 {[%clk 0:03:47]} Bd4 {[%clk 0:00:25]}
48.Rc8 {[%clk 0:03:27]} Ke6 {[%clk 0:00:16]} 49.Re8+ {[%clk 0:03:35]}
Kd5 {[%clk 0:00:23]} 50.Rg8 {[%clk 0:02:27]} Rc4 {[%clk 0:00:31]}
51.Bd2 {[%clk 0:02:33]} a4 {[%clk 0:00:15]} 52.Rxg6 {[%clk 0:01:20]}
Rc2 {[%clk 0:00:23]} 53.Rg8 {[%clk 0:01:29]} Ra2 {[%clk 0:00:23]}
54.Rd8+ {[%clk 0:01:31]} Kc4 {[%clk 0:00:28]} 55.Rc8+ {[%clk 0:01:34]}
Kd5 {[%clk 0:00:21]} 56.Rd8+ {[%clk 0:01:10]} Kc4 {[%clk 0:00:30]}
57.Rc8+ {[%clk 0:01:19]} Kb3 {[%clk 0:00:14]} 58.Rb8+ {[%clk 0:01:00]}
Kxa3 {[%clk 0:00:12]} 59.Kd1 {[%clk 0:01:08]} Ra1+ {[%clk 0:00:12]}
60.Bc1+ {[%clk 0:00:54]} Ka2 {[%clk 0:00:14]} 61.Kc2 {[%clk 0:00:53]}
a3 {[%clk 0:00:13]} 62.Ra8 {[%clk 0:00:24]} Rxc1+ {[%clk 0:00:13]}
63.Kxc1 {[%clk 0:00:33]} Kb3 {[%clk 0:00:22]} 64.Rb8+ {[%clk 0:00:35]}
Kc3 {[%clk 0:00:31]} 65.Kb1 {[%clk 0:00:13]} Bxf2 {[%clk 0:00:37]}
66.Rh8 {[%clk 0:00:19]} e3 {[%clk 0:00:40]} 67.Rxh5 {[%clk 0:00:25]}
Bxg3 {[%clk 0:00:43]} 68.Rc5+ {[%clk 0:00:25]} Kb3 {[%clk 0:00:16]}
69.Rb5+ {[%clk 0:00:25]} Kc4 {[%clk 0:00:23]} 70.Rb7 {[%clk 0:00:13]}
e2 {[%clk 0:00:27]} 71.Re7 {[%clk 0:00:22]} e1Q+ {[%clk 0:00:31]}
72.Rxe1 {[%clk 0:00:30]} Bxe1 {[%clk 0:00:40]} 73.Ka2 {[%clk 0:00:40]}
Kb4 {[%clk 0:00:46]} 0-1

[Event "World Cup 2021"]
[Site "Sochi"]
[Date "2021.07.17"]
[Round "16.16"]
[White "Svane Rasmus (GER)"]
[Black "Cheparinov Ivan (BUL)"]
[Result "0-1"]
[WhiteElo "2615"]
[BlackElo "2667"]
[Annotator ""]
[Source ""]
[Remark ""]

1.Nf3 {[%clk 0:05:05]} g6 {[%clk 0:05:05]} 2.e4 {[%clk 0:05:01]}
Bg7 {[%clk 0:05:03]} 3.d4 {[%clk 0:05:02]} d6 {[%clk 0:04:52]}
4.Bd3 {[%clk 0:04:56]} Nf6 {[%clk 0:04:42]} 5.O-O {[%clk 0:04:54]}
O-O {[%clk 0:04:44]} 6.Re1 {[%clk 0:04:40]} Nc6 {[%clk 0:04:44]}
7.Nbd2 {[%clk 0:04:07]} e5 {[%clk 0:04:36]} 8.dxe5 {[%clk 0:04:08]}
dxe5 {[%clk 0:04:30]} 9.Nc4 {[%clk 0:04:07]} Qe7 {[%clk 0:04:05]}
10.a4 {[%clk 0:03:49]} h6 {[%clk 0:03:19]} 11.c3 {[%clk 0:03:14]}
a5 {[%clk 0:03:13]} 12.Qe2 {[%clk 0:03:11]} Nh5 {[%clk 0:03:07]}
13.g3 {[%clk 0:03:01]} Be6 {[%clk 0:02:58]} 14.Ne3 {[%clk 0:02:54]}
Rad8 {[%clk 0:02:48]} 15.Bc4 {[%clk 0:02:49]} Nf6 {[%clk 0:02:46]}
16.Bd3 {[%clk 0:02:11]} Nd7 {[%clk 0:02:08]} 17.Bc4 {[%clk 0:01:19]}
Nb6 {[%clk 0:01:55]} 18.Bxe6 {[%clk 0:01:16]} Qxe6 {[%clk 0:01:58]}
19.Nd2 {[%clk 0:01:17]} f5 {[%clk 0:01:53]} 20.Ndc4 {[%clk 0:00:56]}
f4 {[%clk 0:01:39]} 21.Nd5 {[%clk 0:00:38]} Nxd5 {[%clk 0:01:27]}
22.exd5 {[%clk 0:00:40]} Qxd5 {[%clk 0:01:26]} 23.Bd2 {[%clk 0:00:37]}
g5 {[%clk 0:01:11]} 24.Rad1 {[%clk 0:00:31]} Qd3 {[%clk 0:01:06]}
25.Qxd3 {[%clk 0:00:18]} Rxd3 {[%clk 0:01:08]} 26.Bc1 {[%clk 0:00:17]}
Rfd8 {[%clk 0:01:04]} 27.Rxd3 {[%clk 0:00:19]} Rxd3 {[%clk 0:01:06]}
28.Kf1 {[%clk 0:00:17]} Kf7 {[%clk 0:01:05]} 29.Ke2 {[%clk 0:00:18]}
Rd5 {[%clk 0:01:01]} 30.Nd2 {[%clk 0:00:14]} Ke6 {[%clk 0:00:41]}
31.f3 {[%clk 0:00:14]} b6 {[%clk 0:00:17]} 32.b3 {[%clk 0:00:12]}
Ne7 {[%clk 0:00:15]} 33.Ba3 {[%clk 0:00:14]} Nf5 {[%clk 0:00:13]}
34.Ne4 {[%clk 0:00:16]} Ne3 {[%clk 0:00:09]} 35.Bc1 {[%clk 0:00:15]}
Nf5 {[%clk 0:00:09]} 36.Ba3 {[%clk 0:00:16]} Bf6 {[%clk 0:00:07]}
37.g4 {[%clk 0:00:13]} Ne7 {[%clk 0:00:05]} 38.Bxe7 {[%clk 0:00:12]}
Bxe7 {[%clk 0:00:08]} 39.c4 {[%clk 0:00:08]} Rd8 {[%clk 0:00:07]}
40.Rd1 {[%clk 0:00:10]} Rb8 {[%clk 0:00:10]} 41.Kd3 {[%clk 0:00:08]}
h5 {[%clk 0:00:09]} 42.h3 {[%clk 0:00:08]} hxg4 {[%clk 0:00:10]}
43.hxg4 {[%clk 0:00:10]} Rh8 {[%clk 0:00:12]} 44.Rf1 {[%clk 0:00:09]}
Rh2 {[%clk 0:00:13]} 45.Rf2 {[%clk 0:00:11]} Rh1 {[%clk 0:00:14]}
46.Kc2 {[%clk 0:00:08]} Kf7 {[%clk 0:00:12]} 47.Rd2 {[%clk 0:00:09]}
Ke6 {[%clk 0:00:07]} 48.Rf2 {[%clk 0:00:07]} Rh3 {[%clk 0:00:05]}
49.Kd3 {[%clk 0:00:07]} Kf7 {[%clk 0:00:06]} 50.Ke2 {[%clk 0:00:09]}
Kg6 {[%clk 0:00:06]} 51.Rf1 {[%clk 0:00:10]} Rh2+ {[%clk 0:00:07]}
52.Rf2 {[%clk 0:00:12]} Rh8 {[%clk 0:00:09]} 53.Rf1 {[%clk 0:00:14]}
Bc5 {[%clk 0:00:06]} 54.Nxc5 {[%clk 0:00:09]} bxc5 {[%clk 0:00:09]}
55.Rd1 {[%clk 0:00:11]} Rh2+ {[%clk 0:00:06]} 56.Kd3 {[%clk 0:00:13]}
Kf6 {[%clk 0:00:07]} 57.Rf1 {[%clk 0:00:08]} Ke6 {[%clk 0:00:05]}
58.Kc3 {[%clk 0:00:07]} Re2 {[%clk 0:00:05]} 59.Kd3 {[%clk 0:00:09]}
Rb2 {[%clk 0:00:07]} 60.Kc3 {[%clk 0:00:12]} Rh2 {[%clk 0:00:08]}
61.Kd3 {[%clk 0:00:14]} Rg2 {[%clk 0:00:10]} 62.Kc3 {[%clk 0:00:14]}
e4 {[%clk 0:00:11]} 63.fxe4 {[%clk 0:00:16]} Rxg4 {[%clk 0:00:13]}
64.Rh1 {[%clk 0:00:11]} Rg3+ {[%clk 0:00:11]} 65.Kd2 {[%clk 0:00:13]}
Rxb3 {[%clk 0:00:11]} 66.Rh7 {[%clk 0:00:15]} g4 {[%clk 0:00:09]}
67.Rxc7 {[%clk 0:00:14]} Ke5 {[%clk 0:00:07]} 68.Re7+ {[%clk 0:00:12]}
Kd4 {[%clk 0:00:06]} 69.e5 {[%clk 0:00:13]} g3 {[%clk 0:00:07]}
70.e6 {[%clk 0:00:14]} Ke5 {[%clk 0:00:08]} 71.Rf7 {[%clk 0:00:06]}
Kxe6 {[%clk 0:00:04]} 72.Rxf4 {[%clk 0:00:07]} Ke5 {[%clk 0:00:05]}
73.Rg4 {[%clk 0:00:09]} Kf5 {[%clk 0:00:07]} 74.Rg8 {[%clk 0:00:10]}
Kf4 {[%clk 0:00:09]} 75.Ke2 {[%clk 0:00:11]} Rb2+ {[%clk 0:00:08]}
76.Kf1 {[%clk 0:00:13]} Rc2 {[%clk 0:00:10]} 77.Ra8 {[%clk 0:00:11]}
Rxc4 {[%clk 0:00:09]} 78.Ke2 {[%clk 0:00:05]} Rxa4 {[%clk 0:00:09]}
79.Rf8+ {[%clk 0:00:06]} Ke4 {[%clk 0:00:11]} 80.Re8+ {[%clk 0:00:07]}
Kd5 {[%clk 0:00:09]} 81.Rd8+ {[%clk 0:00:08]} Kc4 {[%clk 0:00:10]}
82.Rg8 {[%clk 0:00:08]} g2 {[%clk 0:00:10]} 83.Ke3 {[%clk 0:00:06]}
Ra2 {[%clk 0:00:11]} 84.Kd4 0-1

[Event "World Cup 2021"]
[Site "Sochi"]
[Date "2021.07.17"]
[Round "17.16"]
[White "Cheparinov Ivan (BUL)"]
[Black "Svane Rasmus (GER)"]
[Result "1-0"]
[WhiteElo "2667"]
[BlackElo "2615"]
[Annotator ""]
[Source ""]
[Remark ""]

1.e4 {[%clk 0:04:59]} e5 {[%clk 0:03:59]} 2.Nf3 {[%clk 0:04:58]}
Nc6 {[%clk 0:03:58]} 3.d4 {[%clk 0:04:57]} exd4 {[%clk 0:03:57]}
4.Nxd4 {[%clk 0:04:56]} Nf6 {[%clk 0:03:56]} 5.Nxc6 {[%clk 0:04:55]}
bxc6 {[%clk 0:03:55]} 6.e5 {[%clk 0:04:53]} Qe7 {[%clk 0:03:54]}
7.Qe2 {[%clk 0:04:52]} Nd5 {[%clk 0:03:53]} 8.h4 {[%clk 0:04:51]}
Qe6 {[%clk 0:03:42]} 9.Nd2 {[%clk 0:04:49]} a5 {[%clk 0:03:41]}
10.g3 {[%clk 0:04:45]} Ba6 {[%clk 0:03:39]} 11.c4 {[%clk 0:04:41]}
Nb4 {[%clk 0:03:38]} 12.Bh3 {[%clk 0:04:02]} Qg6 {[%clk 0:02:35]}
13.Ne4 {[%clk 0:03:50]} h5 {[%clk 0:02:15]} 14.a3 {[%clk 0:03:29]}
Nd5 {[%clk 0:02:14]} 15.O-O {[%clk 0:03:26]} Nb6 {[%clk 0:02:10]}
16.Qf3 {[%clk 0:03:03]} Qh7 {[%clk 0:01:52]} 17.Bf5 {[%clk 0:02:41]}
Qg8 {[%clk 0:01:51]} 18.c5 {[%clk 0:02:30]} Nd5 {[%clk 0:01:41]}
19.Re1 {[%clk 0:02:23]} Be7 {[%clk 0:01:32]} 20.Nd6+ {[%clk 0:02:06]}
Kd8 {[%clk 0:01:24]} 21.Bd2 {[%clk 0:01:41]} Bc8 {[%clk 0:01:15]}
22.Ne4 {[%clk 0:01:15]} f6 {[%clk 0:01:06]} 23.exf6 {[%clk 0:01:08]}
gxf6 {[%clk 0:01:06]} 24.Rad1 {[%clk 0:01:02]} Qg7 {[%clk 0:01:01]}
25.Nc3 {[%clk 0:00:58]} Bb7 {[%clk 0:00:56]} 26.Be4 {[%clk 0:00:50]}
Nxc3 {[%clk 0:00:53]} 27.Bxc3 {[%clk 0:00:49]} Kc8 {[%clk 0:00:52]}
28.Bf5 {[%clk 0:00:44]} Rd8 {[%clk 0:00:51]} 29.Rxd7 {[%clk 0:00:36]}
Rxd7 {[%clk 0:00:49]} 30.Rd1 {[%clk 0:00:35]} Kb8 {[%clk 0:00:46]}
31.Rxd7 {[%clk 0:00:33]} Qf8 {[%clk 0:00:45]} 32.Qf4 {[%clk 0:00:31]}
Bd8 {[%clk 0:00:38]} 33.Qd4 {[%clk 0:00:29]} Be7 {[%clk 0:00:37]}
34.Qf4 {[%clk 0:00:27]} Bd8 {[%clk 0:00:36]} 35.Bd4 {[%clk 0:00:26]}
Bc8 {[%clk 0:00:35]} 36.Rh7 {[%clk 0:00:24]} Bxf5 {[%clk 0:00:33]}
37.Qxf5 {[%clk 0:00:23]} Kb7 {[%clk 0:00:33]} 38.Qxh5 {[%clk 0:00:20]}
Be7 {[%clk 0:00:31]} 39.Qf7 {[%clk 0:00:18]} Rd8 {[%clk 0:00:29]}
40.Qxf8 Bxf8 {[%clk 0:00:29]} 41.Bxf6 {[%clk 0:00:16]} Rd1+ {[%clk 0:00:27]}
42.Kg2 {[%clk 0:00:16]} Bxc5 {[%clk 0:00:26]} 43.Be5 {[%clk 0:00:12]}
Bb6 {[%clk 0:00:25]} 44.h5 {[%clk 0:00:11]} Rd2 {[%clk 0:00:24]}
45.Rf7 {[%clk 0:00:11]} Rd5 {[%clk 0:00:22]} 46.f4 {[%clk 0:00:10]}
Rd2+ {[%clk 0:00:22]} 47.Kh3 {[%clk 0:00:09]} Bg1 {[%clk 0:00:21]}
48.Kg4 {[%clk 0:00:09]} Kb6 {[%clk 0:00:20]} 49.h6 {[%clk 0:00:08]}
Rh2 {[%clk 0:00:19]} 50.h7 {[%clk 0:00:07]} c5 {[%clk 0:00:16]}
51.Kg5 {[%clk 0:00:07]} Bd4 {[%clk 0:00:15]} 52.Bxd4 {[%clk 0:00:06]}
cxd4 {[%clk 0:00:15]} 53.Kg6 {[%clk 0:00:06]} d3 {[%clk 0:00:14]}
54.Rd7 {[%clk 0:00:05]} d2 {[%clk 0:00:11]} 55.Rxd2 {[%clk 0:00:04]}
Rxd2 {[%clk 0:00:11]} 56.h8Q {[%clk 0:00:04]} Rd6+ {[%clk 0:00:11]}
57.Kg5 {[%clk 0:00:03]} Rd5+ {[%clk 0:00:09]} 58.f5 {[%clk 0:00:03]}
Rd8 {[%clk 0:00:07]} 59.Qxd8 {[%clk 0:00:02]} 1-0

[Event "World Cup 2021"]
[Site "Sochi"]
[Date "2021.07.18"]
[Round "18.20"]
[White "Grandelius Nils (SWE)"]
[Black "Xiong Jeffery (USA)"]
[Result "1-0"]
[WhiteElo "2661"]
[BlackElo "2709"]
[Annotator ""]
[Source ""]
[Remark ""]

1.e4 {[%clk 1:30:45]} c5 {[%clk 1:30:50]} 2.Nf3 {[%clk 1:31:02]}
Nc6 {[%clk 1:30:55]} 3.Bb5 {[%clk 1:30:14]} e6 {[%clk 1:30:55]}
4.O-O {[%clk 1:28:09]} Nge7 {[%clk 1:31:15]} 5.c3 {[%clk 1:27:06]}
a6 {[%clk 1:31:19]} 6.Ba4 {[%clk 1:27:31]} b5 {[%clk 1:31:38]}
7.Bc2 {[%clk 1:27:57]} Bb7 {[%clk 1:31:57]} 8.Re1 {[%clk 1:28:04]}
d5 {[%clk 1:31:05]} 9.a4 {[%clk 1:21:55]} b4 {[%clk 1:30:12]}
10.d4 {[%clk 1:12:49]} cxd4 {[%clk 1:27:52]} 11.cxd4 {[%clk 1:12:44]}
dxe4 {[%clk 1:28:08]} 12.Bxe4 {[%clk 1:12:53]} Nd5 {[%clk 1:27:56]}
13.Bg5 {[%clk 1:11:31]} Be7 {[%clk 1:27:38]} 14.Bxe7 {[%clk 1:11:42]}
Ncxe7 {[%clk 1:28:04]} 15.Nbd2 {[%clk 1:11:44]} O-O {[%clk 1:27:14]}
16.Nb3 {[%clk 1:10:38]} Ra7 {[%clk 1:24:43]} 17.Rc1 {[%clk 0:56:24]}
Ba8 {[%clk 1:22:34]} 18.Ne5 {[%clk 0:53:24]} Nf6 {[%clk 1:13:38]}
19.Bxa8 {[%clk 0:52:13]} Qxa8 {[%clk 1:14:04]} 20.Qf3 {[%clk 0:44:46]}
Qxf3 {[%clk 1:04:30]} 21.Nxf3 {[%clk 0:45:09]} Nfd5 {[%clk 1:04:41]}
22.Kf1 {[%clk 0:38:49]} Rfa8 {[%clk 0:42:34]} 23.Ne5 {[%clk 0:32:06]}
Kf8 {[%clk 0:39:24]} 24.Rc5 {[%clk 0:25:32]} Nb6 {[%clk 0:33:25]}
25.a5 {[%clk 0:23:09]} Nd7 {[%clk 0:33:52]} 26.Rc4 {[%clk 0:20:49]}
Rb8 {[%clk 0:30:21]} 27.Rec1 {[%clk 0:18:26]} Nxe5 {[%clk 0:23:22]}
28.dxe5 {[%clk 0:18:52]} g5 {[%clk 0:22:56]} 29.Rc7 {[%clk 0:09:35]}
Rbb7 {[%clk 0:15:15]} 30.Rxb7 {[%clk 0:10:03]} Rxb7 {[%clk 0:15:41]}
31.Rc5 {[%clk 0:08:36]} Ke8 {[%clk 0:07:39]} 32.Ke2 {[%clk 0:08:08]}
Kd8 {[%clk 0:07:55]} 33.Nd2 {[%clk 0:05:48]} b3 {[%clk 0:08:23]}
34.Ne4 {[%clk 0:04:50]} h6 {[%clk 0:08:52]} 35.Nd6 {[%clk 0:04:10]}
Rb4 {[%clk 0:09:21]} 36.Nxf7+ {[%clk 0:04:13]} Kd7 {[%clk 0:09:49]}
37.Nd6 {[%clk 0:01:59]} Nc6 {[%clk 0:04:23]} 38.Nc4 {[%clk 0:01:40]}
Rb5 {[%clk 0:04:50]} 39.Rxb5 {[%clk 0:02:03]} axb5 {[%clk 0:05:18]}
40.Nd6 {[%clk 0:00:45]} Nxa5 {[%clk 0:02:32]} 41.Kd3 {[%clk 0:20:47]}
Kc6 {[%clk 0:32:57]} 42.Kd4 {[%clk 0:20:13]} Kb6 {[%clk 0:33:24]}
43.Nf7 {[%clk 0:15:52]} Nc6+ {[%clk 0:16:21]} 44.Ke4 {[%clk 0:13:11]}
Kc5 {[%clk 0:13:18]} 45.Nxh6 {[%clk 0:13:24]} Na5 {[%clk 0:13:39]}
46.Nf7 {[%clk 0:05:35]} Nc4 {[%clk 0:09:56]} 47.Nxg5 {[%clk 0:06:04]}
Nxb2 {[%clk 0:10:21]} 48.Nxe6+ {[%clk 0:06:25]} Kc4 {[%clk 0:10:40]}
49.Nd4 {[%clk 0:05:46]} Na4 {[%clk 0:11:07]} 50.Nxb3 {[%clk 0:05:52]}
Kxb3 {[%clk 0:09:08]} 51.Kd4 {[%clk 0:00:49]} b4 {[%clk 0:06:30]}
52.e6 {[%clk 0:00:59]} Nc3 {[%clk 0:06:57]} 53.e7 {[%clk 0:00:46]}
Nb5+ {[%clk 0:07:25]} 54.Kc5 {[%clk 0:01:06]} Nc7 {[%clk 0:07:53]}
55.Kc6 {[%clk 0:00:56]} Ne8 {[%clk 0:08:21]} 56.Kd7 {[%clk 0:00:46]}
Nf6+ {[%clk 0:07:40]} 57.Ke6 {[%clk 0:01:15]} Ne8 {[%clk 0:08:08]}
58.f4 {[%clk 0:00:40]} Kc4 {[%clk 0:05:18]} 59.f5 {[%clk 0:01:09]}
b3 {[%clk 0:02:24]} 60.f6 {[%clk 0:01:38]} b2 {[%clk 0:02:51]}
61.f7 {[%clk 0:02:01]} Ng7+ {[%clk 0:00:39]} 62.Kf6 {[%clk 0:02:24]}
b1Q {[%clk 0:00:58]} 63.f8Q {[%clk 0:01:52]} Qf5+ {[%clk 0:00:46]}
64.Kxg7 {[%clk 0:02:19]} Qg5+ {[%clk 0:01:00]} 65.Kh7 {[%clk 0:01:32]}
Qh5+ {[%clk 0:01:26]} 66.Qh6 {[%clk 0:01:02]} Qf7+ {[%clk 0:01:54]}
67.Kh8 {[%clk 0:00:59]} Qe8+ {[%clk 0:02:21]} 68.Qf8 {[%clk 0:00:42]}
Qh5+ {[%clk 0:02:49]} 69.Kg7 {[%clk 0:00:45]} Qg5+ {[%clk 0:03:16]}
70.Kh7 {[%clk 0:01:11]} Qh5+ {[%clk 0:03:42]} 71.Qh6 {[%clk 0:01:03]}
Qf7+ {[%clk 0:04:09]} 72.Kh8 {[%clk 0:00:49]} Qe8+ {[%clk 0:04:37]}
73.Kg7 {[%clk 0:00:53]} Qxe7+ {[%clk 0:05:05]} 74.Kg8 {[%clk 0:00:41]}
Qe8+ {[%clk 0:05:17]} 75.Qf8 {[%clk 0:00:36]} Qg6+ {[%clk 0:05:41]}
76.Qg7 {[%clk 0:00:58]} Qe8+ {[%clk 0:06:07]} 77.Kh7 {[%clk 0:01:06]}
Qh5+ {[%clk 0:06:02]} 78.Qh6 {[%clk 0:01:10]} Qf7+ {[%clk 0:06:23]}
79.Kh8 {[%clk 0:01:31]} Qe8+ {[%clk 0:06:50]} 80.Kg7 {[%clk 0:01:56]}
Qe7+ {[%clk 0:07:14]} 81.Kg6 {[%clk 0:02:22]} Qe4+ {[%clk 0:05:37]}
82.Kh5 {[%clk 0:02:14]} Qe2+ {[%clk 0:03:23]} 83.Kh4 {[%clk 0:02:34]}
Qf2+ {[%clk 0:03:00]} 84.Kh3 {[%clk 0:02:46]} Qf5+ {[%clk 0:03:29]}
85.Kg3 {[%clk 0:02:59]} Qd3+ {[%clk 0:03:57]} 86.Kg4 {[%clk 0:02:52]}
Qd7+ {[%clk 0:01:04]} 87.Kh4 {[%clk 0:03:05]} Qe7+ {[%clk 0:01:09]}
88.Qg5 {[%clk 0:02:55]} Qh7+ {[%clk 0:01:10]} 89.Qh5 {[%clk 0:01:49]}
Qe7+ {[%clk 0:01:38]} 90.Kh3 {[%clk 0:02:11]} Kb3 {[%clk 0:00:37]}
91.Qf3+ {[%clk 0:02:02]} Ka4 {[%clk 0:00:33]} 92.g4 {[%clk 0:01:55]}
Ka5 {[%clk 0:01:02]} 93.Kg2 {[%clk 0:01:51]} Ka6 {[%clk 0:01:01]}
94.h3 {[%clk 0:01:45]} Qd8 {[%clk 0:00:39]} 95.Qe2+ {[%clk 0:01:45]}
Kb7 {[%clk 0:00:59]} 96.Qe4+ {[%clk 0:01:34]} Ka6 {[%clk 0:01:12]}
97.Qe6+ {[%clk 0:00:47]} Kb7 {[%clk 0:01:37]} 98.Qf7+ {[%clk 0:00:50]}
Ka6 {[%clk 0:01:56]} 99.Qf1+ {[%clk 0:00:53]} Kb7 {[%clk 0:02:22]}
100.Qe2 {[%clk 0:01:07]} Kb8 {[%clk 0:02:25]} 101.Qe5+ {[%clk 0:01:16]}
Ka8 {[%clk 0:02:07]} 102.g5 {[%clk 0:01:15]} Qd2+ {[%clk 0:02:33]}
103.Kg3 {[%clk 0:01:39]} Qd3+ {[%clk 0:02:36]} 104.Kg4 {[%clk 0:01:47]}
Qd7+ {[%clk 0:02:30]} 105.Qf5 {[%clk 0:02:10]} Qd4+ {[%clk 0:02:52]}
106.Qf4 {[%clk 0:01:48]} Qd7+ {[%clk 0:03:07]} 107.Kg3 {[%clk 0:01:59]}
Qe6 {[%clk 0:03:19]} 108.h4 {[%clk 0:01:47]} Kb7 {[%clk 0:03:24]}
109.Qf3+ {[%clk 0:01:13]} Kc7 {[%clk 0:03:06]} 110.h5 {[%clk 0:01:08]}
Kd6 {[%clk 0:02:49]} 111.h6 {[%clk 0:01:06]} Qe1+ {[%clk 0:01:57]}
112.Kh3 {[%clk 0:01:05]} Qb1 {[%clk 0:02:18]} 113.Kg4 {[%clk 0:01:05]}
Ke7 {[%clk 0:02:38]} 114.Kh5 {[%clk 0:00:56]} Ke8 {[%clk 0:03:05]}
115.Qc6+ {[%clk 0:00:59]} Ke7 {[%clk 0:03:34]} 116.Qf6+ {[%clk 0:01:20]}
Kd7 {[%clk 0:04:03]} 117.Qf7+ {[%clk 0:01:33]} Kc8 {[%clk 0:04:11]}
118.h7 {[%clk 0:01:28]} Qd1+ {[%clk 0:04:20]} 119.Kg6 {[%clk 0:01:30]}
Qd6+ {[%clk 0:04:38]} 120.Qf6 {[%clk 0:01:54]} 1-0

[Event "World Cup 2021"]
[Site "Sochi"]
[Date "2021.07.18"]
[Round "18.25"]
[White "Van Foreest Jorden (NED)"]
[Black "Piorun Kacper (POL)"]
[Result "0-1"]
[WhiteElo "2688"]
[BlackElo "2608"]
[Annotator ""]
[Source ""]
[Remark ""]

1.e4 {[%clk 1:30:56]} e5 {[%clk 1:30:53]} 2.Nf3 {[%clk 1:31:14]}
Nc6 {[%clk 1:31:18]} 3.Bb5 {[%clk 1:31:28]} a6 {[%clk 1:31:05]}
4.Ba4 {[%clk 1:31:45]} Nf6 {[%clk 1:30:55]} 5.O-O {[%clk 1:32:01]}
b5 {[%clk 1:28:52]} 6.Bb3 {[%clk 1:32:22]} Bb7 {[%clk 1:29:13]}
7.d3 {[%clk 1:32:16]} Be7 {[%clk 1:29:18]} 8.c4 {[%clk 1:32:09]}
O-O {[%clk 1:09:14]} 9.Nc3 {[%clk 1:31:54]} bxc4 {[%clk 1:09:29]}
10.Bxc4 {[%clk 1:30:57]} d6 {[%clk 1:01:41]} 11.a3 {[%clk 1:30:16]}
Bc8 {[%clk 0:58:58]} 12.h3 {[%clk 1:26:21]} Be6 {[%clk 0:57:05]}
13.Nd5 {[%clk 1:23:16]} Na5 {[%clk 0:45:32]} 14.Nxf6+ {[%clk 1:21:19]}
Bxf6 {[%clk 0:45:58]} 15.Bxe6 {[%clk 1:21:30]} fxe6 {[%clk 0:46:26]}
16.Bd2 {[%clk 1:12:18]} Nb7 {[%clk 0:45:08]} 17.Qb3 {[%clk 1:12:09]}
Nc5 {[%clk 0:42:44]} 18.Qc4 {[%clk 1:11:40]} Qd7 {[%clk 0:43:03]}
19.b4 {[%clk 1:04:31]} Na4 {[%clk 0:39:52]} 20.Rfc1 {[%clk 1:03:49]}
c5 {[%clk 0:40:00]} 21.Be3 {[%clk 1:04:12]} d5 {[%clk 0:28:31]}
22.Qa2 {[%clk 0:59:49]} d4 {[%clk 0:26:03]} 23.Bd2 {[%clk 1:00:01]}
Rfc8 {[%clk 0:26:27]} 24.Rc4 {[%clk 0:51:46]} cxb4 {[%clk 0:13:16]}
25.Rxc8+ {[%clk 0:51:25]} Qxc8 {[%clk 0:13:28]} 26.axb4 {[%clk 0:51:36]}
Nc3 {[%clk 0:13:53]} 27.Qb3 {[%clk 0:51:20]} Qc6 {[%clk 0:13:19]}
28.Kh2 {[%clk 0:44:57]} Kf7 {[%clk 0:09:54]} 29.Rc1 {[%clk 0:40:05]}
Rc8 {[%clk 0:10:20]} 30.Qa3 {[%clk 0:40:26]} h6 {[%clk 0:09:35]}
31.Ra1 {[%clk 0:38:48]} Ra8 {[%clk 0:09:47]} 32.Qa5 {[%clk 0:39:16]}
Qd6 {[%clk 0:04:07]} 33.h4 {[%clk 0:27:05]} h5 {[%clk 0:03:23]}
34.Bxc3 {[%clk 0:26:51]} dxc3 {[%clk 0:03:52]} 35.b5 {[%clk 0:27:15]}
c2 {[%clk 0:03:24]} 36.Qc3 {[%clk 0:26:30]} Qb6 {[%clk 0:03:20]}
37.bxa6 {[%clk 0:18:33]} Qb1 {[%clk 0:03:46]} 38.Nd2 {[%clk 0:15:50]}
Qd1 {[%clk 0:03:56]} 39.Nb3 {[%clk 0:12:56]} Bxh4 {[%clk 0:04:10]}
40.Qxe5 {[%clk 0:11:52]} Bxf2 {[%clk 0:02:30]} 41.Qf4+ {[%clk 0:07:38]}
Kg8 {[%clk 0:00:42]} 42.Qxf2 {[%clk 0:21:50]} Qxa1 {[%clk 0:31:07]}
43.Nxa1 {[%clk 0:22:15]} c1Q {[%clk 0:31:30]} 44.Nb3 {[%clk 0:22:43]}
Qc7+ {[%clk 0:31:32]} 45.Qg3 {[%clk 0:19:03]} Qxg3+ {[%clk 0:27:37]}
46.Kxg3 {[%clk 0:19:27]} Rxa6 {[%clk 0:28:05]} 47.Kh4 {[%clk 0:19:17]}
g6 {[%clk 0:20:20]} 48.g4 {[%clk 0:18:55]} hxg4 {[%clk 0:20:05]}
49.Kxg4 {[%clk 0:18:49]} Kf7 {[%clk 0:20:16]} 50.Nd2 {[%clk 0:17:51]}
Ra2 {[%clk 0:13:25]} 51.Nf3 {[%clk 0:18:07]} Kf6 {[%clk 0:13:48]}
52.e5+ {[%clk 0:18:17]} Ke7 {[%clk 0:13:39]} 53.Nh4 {[%clk 0:17:26]}
Kf7 {[%clk 0:13:31]} 54.Nf3 {[%clk 0:17:05]} Ra1 {[%clk 0:11:58]}
55.d4 {[%clk 0:13:28]} Rf1 {[%clk 0:11:16]} 56.Kg3 {[%clk 0:13:18]}
Ke7 {[%clk 0:10:21]} 57.Nh4 {[%clk 0:05:51]} Rg1+ {[%clk 0:10:05]}
58.Kf3 {[%clk 0:06:19]} Kd7 {[%clk 0:09:18]} 59.Ng2 {[%clk 0:06:47]}
Rxg2 {[%clk 0:09:26]} 0-1